000 00248nam a2200109Ia 4500
008 190216s9999||||xx |||||||||||||| ||und||
100 _aClifford D Simak
245 0 _aWay Station
260 _bMathuen Paper Backs
650 _aEnglish
942 _cBK
999 _c12816
_d12816